Normal view MARC view

Entry Topical Term

Number of records used in: 1

001 - CONTROL NUMBER

  • control field: 59928

003 - CONTROL NUMBER IDENTIFIER

  • control field: OSt

005 - DATE AND TIME OF LATEST TRANSACTION

  • control field: 20260401163233.0

008 - FIXED-LENGTH DATA ELEMENTS

  • fixed length control field: 260401|| aca||aabn | a|a d

040 ## - CATALOGING SOURCE

  • Original cataloging agency: OSt
  • Transcribing agency: OSt

150 ## - HEADING--TOPICAL TERM

  • Topical term or geographic name entry element: Project resilience, Social capital, Megaprojects, Organizational learning, Resource integration.

670 ## - SOURCE DATA FOUND

  • Source citation: Work cat.: (OSt): Xue, Hong Ding, Ronggui Sun, Tao and Ye, Chao 59927, Configurational effects of social capital and dynamic capability on project resilience in megaprojects

Powered by Koha